| 000 | 00414nam a2200133Ia 4500 | ||
|---|---|---|---|
| 008 | 160809s9999 xx 000 0 und d | ||
| 100 | _aJelena Perovic. | ||
| 245 | _aTowards a New, Digital Communication Paradigm | ||
| 245 | _cJelena Perovic. | ||
| 260 | _bStudies in Media and Communication | ||
| 260 | _cJune 2016 | ||
| 650 | _xCOMMUNICATION | ||
| 856 | _uhttp://redfame.com/journal/index.php/smc/issue/view/66 | ||
| 999 |
_c299990 _d299990 |
||